| 000 | 00459nam a22001697a 4500 | ||
|---|---|---|---|
| 003 | OSt | ||
| 005 | 20211014160441.0 | ||
| 008 | 211014b |||||||| |||| 00| 0 eng d | ||
| 020 | _a0 71900573 6 | ||
| 040 | _cHawassa University | ||
| 050 | _a630/ABA | ||
| 082 | _a630/ABA | ||
| 100 |
_aAbarbanel Jay S. _913762 |
||
| 245 | _aThe co-operative farmer and the welfare state | ||
| 260 |
_aLondon _bManchester University Press _c1974 |
||
| 942 |
_2ddc _cBOOKS _n0 |
||
| 999 |
_c12853 _d12853 |
||